[Event "Moscow-ch op Superfinal"]
[Site "Ershovo"]
[Date "2024.02.24"]
[Round "2"]
[White "Yagupov, Igor"]
[Black "Shafigullina, Zarina"]
[Result "1/2-1/2"]
[WhiteElo "2290"]
[BlackElo "2094"]
[PlyCount "102"]
[EventDate "2024.02.23"]
[EventType "swiss"]
[EventRounds "10"]
[EventCountry "RUS"]
[SourceTitle "CB10_2024"]
[SourceDate "2024.03.06"]
[SourceVersion "1"]
[SourceVersionDate "2024.03.06"]
[SourceQuality "1"]

1. d4 Nf6 2. c4 e6 3. Nc3 d5 4. cxd5 exd5 5. Bg5 c6 6. e3 Bf5 7. Qf3 Bg6 8. Bxf6 Qxf6 9. Qxf6 gxf6 10. Kd2 Nd7 11. Bd3 Bb4 12. Nge2 0-0-0 13. h4 Rhg8 14. Nf4 Nf8 15. Rag1 Ne6 16. h5 Be4 17. Rh4 c5 18. Nxe6 fxe6 19. Bxe4 dxe4 20. Rxe4 e5 21. Kd3 Rg5 22. h6 Rh5 23. Ne2 cxd4 24. exd4 Rxh6 25. Rc1+ Kb8 26. Ke3 Bd6 27. dxe5 Bxe5 28. Rc2 Rh2 29. Rg4 Bc7 30. Rg7 Bb6+ 31. Kf3 Rh1 32. Nf4 Rhd1 33. Ne6 Re8 34. Re2 Rd6 35. Nf4 Rxe2 36. Kxe2 Rc6 37. Nd5 a6 38. Nxb6 Rxb6 39. b3 Rc6 40. Kd3 Rd6+ 41. Ke3 Re6+ 42. Kf3 Rc6 43. Rxh7 Rc3+ 44. Ke4 Rc2 45. a4 Rxf2 46. g4 Re2+ 47. Kf5 Rf2+ 48. Ke4 Re2+ 49. Kf5 Rf2+ 50. Ke4 Re2+ 51. Kf5 Rf2+ 1/2-1/2

[Event "Swiss Queens Wed #1"]
[Site "FIDE Online Arena INT"]
[Date "2024.01.31"]
[Round "6"]
[White "Fierro Baquero, Martha Lorena"]
[Black "Shafigullina, Zarina"]
[Result "1-0"]
[WhiteElo "2283"]
[BlackElo "2094"]
[PlyCount "137"]
[EventDate "2024.01.31"]
[EventType "swiss (blitz)"]
[EventRounds "11"]
[EventCountry "NET"]
[SourceTitle "CB06_2024"]
[SourceDate "2024.02.07"]
[SourceVersion "1"]
[SourceVersionDate "2024.02.07"]
[SourceQuality "1"]

1. g3 d5 2. Bg2 Nf6 3. c4 d4 4. Nf3 c5 5. 0-0 Nc6 6. e3 Bg4 7. h3 Bh5 8. exd4 cxd4 9. d3 e6 10. Qa4 Qd7 11. Bg5 Be7 12. Nbd2 0-0 13. Rfe1 Bg6 14. Bxf6 Bxf6 15. Ne4 Be7 16. a3 a5 17. Rad1 h6 18. Qb5 Rad8 19. Nc5 Bxc5 20. Qxc5 Qd6 21. Qxd6 Rxd6 22. Ne5 Nxe5 23. Rxe5 Rb6 24. Rd2 Rb3 25. Be4 Bxe4 26. Rxe4 Rd8 27. Re5 b6 28. Kg2 Kf8 29. f4 Ke7 30. Kf3 Kd6 31. Ke4 Kc6 32. f5 exf5+ 33. Rxf5 Rd7 34. Rd5 Rxd5 35. cxd5+ Kd6 36. Kxd4 Rb5 37. Rf2 Rxd5+ 38. Kc4 f6 39. d4 Rg5 40. g4 b5+ 41. Kd3 Rd5 42. Ke4 b4 43. a4 Ke6 44. Rc2 Kd6 45. Rc8 Rg5 46. Rd8+ Kc7 47. Rd5 Kc6 48. Rd8 Kc7 49. Ra8 Kc6 50. Ra7 Kb6 51. Re7 Kc6 52. Re6+ Kd7 53. d5 h5 54. gxh5 Rxh5 55. Ra6 Rxh3 56. Ra7+ Kd6 57. Ra6+ Kd7 58. Rxa5 Rh2 59. Rb5 Rxb2 60. Kd4 Ra2 61. Rxb4 g5 62. Kc5 Rc2+ 63. Kd4 Rd2+ 64. Kc5 Rc2+ 65. Kb5 f5 66. a5 g4 67. a6 Rc8 68. a7 g3 69. Rc4 1-0

[Event "Swiss Queens Wed #1"]
[Site "FIDE Online Arena INT"]
[Date "2024.01.31"]
[Round "3"]
[White "Shafigullina, Zarina"]
[Black "Kashirina, Vera"]
[Result "1-0"]
[WhiteElo "2094"]
[BlackElo "1522"]
[PlyCount "65"]
[EventDate "2024.01.31"]
[EventType "swiss (blitz)"]
[EventRounds "11"]
[EventCountry "NET"]
[SourceTitle "CB06_2024"]
[SourceDate "2024.02.07"]
[SourceVersion "1"]
[SourceVersionDate "2024.02.07"]
[SourceQuality "1"]

1. d4 e5 2. dxe5 Nc6 3. Nf3 Qe7 4. Nc3 Nxe5 5. e4 Nxf3+ 6. Qxf3 Nf6 7. Bg5 d6 8. h3 Be6 9. Bb5+ c6 10. Ba4 h6 11. Bf4 0-0-0 12. Bb3 Nd7 13. 0-0 g5 14. Bg3 Bg7 15. Qe3 Nb6 16. a4 Kb8 17. Rfd1 h5 18. a5 Nc8 19. a6 b6 20. Ne2 Bxb3 21. cxb3 g4 22. Nd4 Bxd4 23. Qxd4 gxh3 24. e5 d5 25. e6+ Ka8 26. exf7 Qxf7 27. Qe5 Ne7 28. Qc7 Rb8 29. Re1 Rhe8 30. Rxe7 Qxe7 31. Qxc6+ Rb7 32. axb7+ Qxb7 33. Qxe8+ 1-0

[Event "Swiss Queens Wed #1"]
[Site "FIDE Online Arena INT"]
[Date "2024.01.31"]
[Round "10"]
[White "Travkina, Anastasia"]
[Black "Shafigullina, Zarina"]
[Result "1/2-1/2"]
[WhiteElo "2202"]
[BlackElo "2094"]
[PlyCount "75"]
[EventDate "2024.01.31"]
[EventType "swiss (blitz)"]
[EventRounds "11"]
[EventCountry "NET"]
[SourceTitle "CB06_2024"]
[SourceDate "2024.02.07"]
[SourceVersion "1"]
[SourceVersionDate "2024.02.07"]
[SourceQuality "1"]

1. e4 c5 2. Nf3 d6 3. d4 cxd4 4. Nxd4 Nf6 5. Nc3 a6 6. Bg5 e6 7. f4 Be7 8. Qf3 Qc7 9. 0-0-0 Nbd7 10. g4 b5 11. Bxf6 gxf6 12. Kb1 Bb7 13. h4 b4 14. Na4 Nc5 15. Nxc5 dxc5 16. Ne2 c4 17. g5 f5 18. Ng3 Bd6 19. Rxd6 Qxd6 20. Bxc4 0-0-0 21. b3 Kb8 22. Re1 Qd2 23. Qf1 fxe4 24. Nxe4 Bxe4 25. Rxe4 Qd1+ 26. Qxd1 Rxd1+ 27. Kb2 a5 28. f5 exf5 29. Rf4 Rh1 30. Rxf5 Rxh4 31. Rxa5 Rg8 32. Bxf7 Rg7 33. Bc4 Rg4 34. Rb5+ Rb7 35. Re5 Rg7 36. Rb5+ Rb7 37. Re5 Rg7 38. Rb5+ 1/2-1/2

[Event "RUS-chT Rapid (Women)"]
[Site "Sochi"]
[Date "2023.10.18"]
[Round "2.15"]
[White "Shafigullina, Zarina"]
[Black "Chistova, Ekaterina"]
[Result "1-0"]
[WhiteElo "2071"]
[BlackElo "1223"]
[PlyCount "69"]
[EventDate "2023.10.18"]
[EventType "team-swiss (rapid)"]
[EventRounds "9"]
[EventCountry "RUS"]
[SourceTitle "Mega2024 Update 01"]
[Source "Chessbase"]
[SourceDate "2023.11.12"]
[SourceVersion "1"]
[SourceVersionDate "2023.11.12"]
[SourceQuality "1"]
[WhiteTeam "Tatarstan Ladya (W)"]
[BlackTeam "Moscow Botvinnik School (W) II"]
[WhiteTeamCountry "RUS"]
[BlackTeamCountry "RUS"]

1. d4 d5 2. Nf3 e6 3. g3 Nf6 4. Bg2 Be7 5. c4 0-0 6. 0-0 dxc4 7. Qc2 b5 8. a4 c6 9. axb5 cxb5 10. Ng5 Nc6 11. Bxc6 Rb8 12. Bg2 a6 13. Bf4 Rb6 14. Be5 g6 15. Nc3 Nd5 16. Nf3 Bb7 17. Nxd5 exd5 18. Nd2 f6 19. Bf4 f5 20. Be5 b4 21. Nf3 b3 22. Qc1 Bb4 23. Nd2 Rf7 24. Nb1 a5 25. Nc3 Ra6 26. f3 Bc6 27. e4 fxe4 28. fxe4 Rxf1+ 29. Bxf1 Bxc3 30. Qxc3 a4 31. exd5 Bxd5 32. Bxc4 Ra8 33. Rf1 h5 34. Bxd5+ Qxd5 35. Qc7 1-0

[Event "RUS-chT Blitz (Women)"]
[Site "Sochi"]
[Date "2023.10.17"]
[Round "8.8"]
[White "Shafigullina, Zarina"]
[Black "Iudina, Veronika"]
[Result "1-0"]
[WhiteElo "2071"]
[BlackElo "1720"]
[PlyCount "79"]
[EventDate "2023.10.17"]
[EventType "team-tourn (blitz)"]
[EventRounds "13"]
[EventCountry "RUS"]
[SourceTitle "Mega2024 Update 01"]
[Source "Chessbase"]
[SourceDate "2023.11.12"]
[SourceVersion "1"]
[SourceVersionDate "2023.11.12"]
[SourceQuality "1"]
[WhiteTeam "Tatarstan Ladya (W)"]
[BlackTeam "St Petersburg SShOR (W) II"]
[WhiteTeamCountry "RUS"]
[BlackTeamCountry "RUS"]

1. d4 Nf6 2. c4 e6 3. Nf3 b6 4. g3 Bb7 5. Bg2 d5 6. Ne5 c6 7. 0-0 Be7 8. Nc3 0-0 9. e4 Nbd7 10. Nxd7 Qxd7 11. e5 Ne8 12. cxd5 cxd5 13. f4 Ba6 14. Rf2 f6 15. f5 fxe5 16. fxe6 Qd6 17. Rxf8+ Kxf8 18. Bxd5 Rc8 19. Qh5 Kg8 20. Bg5 Bxg5 21. e7+ Kh8 22. Qxg5 Nf6 23. Qxe5 Qd7 24. Bg2 Re8 25. Re1 Bc4 26. d5 Qc8 27. d6 Qd7 28. b3 Bg8 29. Ne4 Nxe4 30. Bxe4 Qc8 31. Bg2 h6 32. Kh1 Qd7 33. h3 Qc8 34. Kh2 Bh7 35. Re2 Qd7 36. Rf2 Bg8 37. Rf8 Qc8 38. Rxe8 Qxe8 39. Qf5 g6 40. Qf8 1-0

[Event "RUS-chT Blitz (Women)"]
[Site "Sochi"]
[Date "2023.10.17"]
[Round "13.15"]
[White "Shafigullina, Zarina"]
[Black "Khamnueva, Mariya"]
[Result "1/2-1/2"]
[WhiteElo "2071"]
[BlackElo "1598"]
[PlyCount "32"]
[EventDate "2023.10.17"]
[EventType "team-tourn (blitz)"]
[EventRounds "13"]
[EventCountry "RUS"]
[SourceTitle "Mega2024 Update 01"]
[Source "Chessbase"]
[SourceDate "2023.11.12"]
[SourceVersion "1"]
[SourceVersionDate "2023.11.12"]
[SourceQuality "1"]
[WhiteTeam "Tatarstan Ladya (W)"]
[BlackTeam "Buryatiya (W)"]
[WhiteTeamCountry "RUS"]
[BlackTeamCountry "RUS"]

1. d4 d5 2. Nf3 Nf6 3. c4 e6 4. g3 Bb4+ 5. Nbd2 0-0 6. Bg2 b6 7. 0-0 Bb7 8. Ne5 Nbd7 9. Ndf3 Be7 10. Bg5 h6 11. Qa4 c6 12. Bf4 c5 13. cxd5 Nxd5 14. Qxd7 Qxd7 15. Nxd7 Rfd8 16. Rac1 Rac8 1/2-1/2

[Event "RUS-chT Blitz (Women)"]
[Site "Sochi"]
[Date "2023.10.17"]
[Round "4.8"]
[White "Timofeeva, Ekaterina"]
[Black "Shafigullina, Zarina"]
[Result "0-1"]
[WhiteElo "2294"]
[BlackElo "2071"]
[PlyCount "48"]
[EventDate "2023.10.17"]
[EventType "team-tourn (blitz)"]
[EventRounds "13"]
[EventCountry "RUS"]
[SourceTitle "Mega2024 Update 01"]
[Source "Chessbase"]
[SourceDate "2023.11.12"]
[SourceVersion "1"]
[SourceVersionDate "2023.11.12"]
[SourceQuality "1"]
[WhiteTeam "Novosibirsk Region (W)"]
[BlackTeam "Tatarstan Ladya (W)"]
[WhiteTeamCountry "RUS"]
[BlackTeamCountry "RUS"]

1. Nf3 Nf6 2. g3 b6 3. Bg2 Bb7 4. c4 c5 5. Nc3 g6 6. 0-0 Bg7 7. d4 cxd4 8. Qxd4 0-0 9. Qd3 d6 10. e4 Nbd7 11. Nd2 Rc8 12. b3 Nc5 13. Qe2 Nfxe4 14. Ncxe4 Bxa1 15. Nxc5 Bxg2 16. Ne6 Bxf1 17. Kxf1 fxe6 18. Qxe6+ Kh8 19. Ne4 Rf5 20. f4 Qg8 21. Qd7 Rcf8 22. Ke2 d5 23. Ng5 dxc4 24. Ba3 Rd8 0-1

[Event "RUS-ch Rapid (Women)"]
[Site "Sochi"]
[Date "2023.10.15"]
[Round "3"]
[White "Lysenko, Margarita"]
[Black "Shafigullina, Zarina"]
[Result "0-1"]
[WhiteElo "2264"]
[BlackElo "2071"]
[PlyCount "80"]
[EventDate "2023.10.15"]
[EventType "swiss (rapid)"]
[EventRounds "11"]
[EventCountry "RUS"]
[SourceTitle "Mega2024 Update 01"]
[Source "Chessbase"]
[SourceDate "2023.11.12"]
[SourceVersion "1"]
[SourceVersionDate "2023.11.12"]
[SourceQuality "1"]

1. d4 Nf6 2. c4 e6 3. Nf3 d5 4. g3 Bb4+ 5. Bd2 Be7 6. Bg2 0-0 7. 0-0 dxc4 8. Na3 Nc6 9. Nxc4 Nxd4 10. Nxd4 Qxd4 11. Qb3 Nd5 12. Rfd1 Qf6 13. e4 Nb6 14. Bc3 Qg5 15. Ne5 Bd6 16. f4 Qe7 17. Kh1 Kh8 18. Nf3 Bd7 19. a4 Qe8 20. Rxd6 cxd6 21. a5 Na4 22. Bb4 Nc5 23. Qe3 b6 24. e5 d5 25. Bxc5 bxc5 26. Qxc5 Qb8 27. b4 Qb5 28. Qd6 Rab8 29. h4 Qc6 30. Qe7 h6 31. Nd4 Qc3 32. Rf1 Qxd4 33. Qxd7 Rxb4 34. Qe7 Rbb8 35. Kh2 Kg8 36. a6 Rb2 37. Kh3 Qd2 38. Rg1 Qf2 39. Kh2 Rc8 40. Qd7 Rc1 0-1

[Event "RUS-ch Blitz (Women)"]
[Site "Sochi"]
[Date "2023.10.14"]
[Round "3"]
[White "Garifullina, Leya"]
[Black "Shafigullina, Zarina"]
[Result "1/2-1/2"]
[WhiteElo "2402"]
[BlackElo "2071"]
[PlyCount "93"]
[EventDate "2023.10.14"]
[EventType "swiss (blitz)"]
[EventRounds "13"]
[EventCountry "RUS"]
[SourceTitle "Mega2024 Update 01"]
[Source "Chessbase"]
[SourceDate "2023.11.12"]
[SourceVersion "1"]
[SourceVersionDate "2023.11.12"]
[SourceQuality "1"]

1. e4 c5 2. Nf3 d6 3. d4 cxd4 4. Nxd4 Nf6 5. Nc3 a6 6. h3 e5 7. Nde2 h5 8. g3 Be6 9. Bg2 Nbd7 10. 0-0 Be7 11. b3 Rc8 12. a4 Nc5 13. a5 0-0 14. f4 b5 15. axb6 Qxb6 16. Kh2 Qb4 17. Ba3 Qb7 18. Nd5 Bxd5 19. exd5 e4 20. Qd2 Qxd5 21. Nd4 Ne6 22. Bb2 Nxd4 23. Bxd4 Qb7 24. Ra5 Qc6 25. c4 Qb7 26. Qe3 Rfe8 27. Rfa1 d5 28. Rxa6 dxc4 29. bxc4 Rxc4 30. Ra7 Qd5 31. Be5 Bc5 32. Qe2 Bxa7 33. Rxa7 Nd7 34. Rxd7 Qxd7 35. Qxc4 e3 36. Bf3 Qd2+ 37. Qe2 Rd8 38. Kg2 f6 39. Bc7 Rd7 40. Bb6 Rd3 41. Bxh5 Rc3 42. Bf3 Rc2 43. Qxd2 exd2 44. Kf1 Rc1+ 45. Kf2 d1Q 46. Bxd1 Rxd1 47. Kf3 1/2-1/2

[Event "Satka Autumn (Women)"]
[Site "Satka"]
[Date "2023.09.06"]
[Round "9"]
[White "Shafigullina, Zarina"]
[Black "Darmaeva, Nomina"]
[Result "1-0"]
[WhiteElo "2100"]
[BlackElo "1764"]
[PlyCount "91"]
[EventDate "2023.08.29"]
[EventType "swiss"]
[EventRounds "9"]
[EventCountry "RUS"]
[SourceTitle "EXT 2024"]
[Source "ChessBase"]
[SourceDate "2023.10.10"]
[SourceVersion "1"]
[SourceVersionDate "2023.10.10"]
[SourceQuality "1"]

1. d4 d5 2. c4 dxc4 3. e4 b5 4. a4 c6 5. Nc3 Qb6 6. Be3 b4 7. a5 Qc7 8. Nb1 Ba6 9. Qc1 c3 10. bxc3 Bxf1 11. Kxf1 e5 12. Ne2 Nf6 13. f3 Bd6 14. Nd2 bxc3 15. Nc4 Nbd7 16. Qxc3 exd4 17. Nxd6+ Qxd6 18. Nxd4 c5 19. Nf5 Qa6+ 20. Kf2 0-0 21. Rhd1 Rfd8 22. Rd6 Qb7 23. Rad1 Qxe4 24. fxe4 Nxe4+ 25. Kf1 Nxc3 26. R1d3 c4 27. Rxc3 Ne5 28. Rxd8+ Rxd8 29. Bxa7 Rd1+ 30. Kf2 Ra1 31. Bb6 g6 32. Ne3 Ra4 33. Bc7 Nd3+ 34. Kg3 f5 35. Nxc4 Nc5 36. Nd6 Ne6 37. Bb6 f4+ 38. Kf2 Ra2+ 39. Kf3 g5 40. h3 h5 41. Nb5 Kf7 42. Ra3 Rb2 43. a6 Kg6 44. a7 g4+ 45. hxg4 hxg4+ 46. Kxg4 1-0

[Event "Satka Autumn (Women)"]
[Site "Satka"]
[Date "2023.09.03"]
[Round "6"]
[White "Goriachkina, Oksana"]
[Black "Shafigullina, Zarina"]
[Result "1/2-1/2"]
[WhiteElo "1808"]
[BlackElo "2100"]
[PlyCount "83"]
[EventDate "2023.08.29"]
[EventType "swiss"]
[EventRounds "9"]
[EventCountry "RUS"]
[SourceTitle "EXT 2024"]
[Source "ChessBase"]
[SourceDate "2023.10.10"]
[SourceVersion "1"]
[SourceVersionDate "2023.10.10"]
[SourceQuality "1"]

1. d4 Nf6 2. c4 e6 3. Nf3 d5 4. Nc3 Bb4 5. Qa4+ Nc6 6. a3 Bxc3+ 7. bxc3 0-0 8. Bg5 h6 9. Bh4 g5 10. Bg3 Ne4 11. Qc2 Ne7 12. Nd2 f5 13. Nxe4 dxe4 14. h4 Ng6 15. hxg5 hxg5 16. e3 b6 17. Be2 Bb7 18. d5 exd5 19. cxd5 Qxd5 20. Bxc7 Qc5 21. Bg3 Kg7 22. c4 f4 23. exf4 gxf4 24. Rh5 Qe7 25. Qc3+ Qf6 26. Qxf6+ Kxf6 27. Bh4+ Nxh4 28. Rxh4 f3 29. gxf3 exf3 30. Bd3 Rg8 31. 0-0-0 Rh8 32. Rf4+ Ke5 33. Rf5+ Ke6 34. Re1+ Kd6 35. Rf7 Bc6 36. Be4 Bxe4 37. Rxe4 Rhe8 38. Rf6+ Kc5 39. Rf5+ Kc6 40. Rxe8 Rxe8 41. Rxf3 Re2 42. Rf5 1/2-1/2

[Event "RUS-ch Higher League (Women) 73rd"]
[Site "Novokuznetsk"]
[Date "2023.07.05"]
[Round "9"]
[White "Khokhlova, Daria"]
[Black "Shafigullina, Zarina"]
[Result "0-1"]
[WhiteElo "2074"]
[BlackElo "2137"]
[PlyCount "82"]
[EventDate "2023.06.26"]
[EventType "swiss"]
[EventRounds "9"]
[EventCountry "RUS"]
[SourceTitle "EXT 2024"]
[Source "ChessBase"]
[SourceDate "2023.10.10"]
[SourceVersion "1"]
[SourceVersionDate "2023.10.10"]
[SourceQuality "1"]

1. d4 Nf6 2. c4 e6 3. g3 d5 4. Nf3 dxc4 5. Bg2 c6 6. Ne5 Bb4+ 7. Bd2 Qxd4 8. Bxb4 Qxe5 9. Na3 Nd5 10. Nxc4 Qf6 11. Ba3 Nd7 12. e4 N5b6 13. e5 Qg6 14. Nd6+ Kd8 15. Qd4 f6 16. Be4 f5 17. Bf3 Nd5 18. Qh4+ Kc7 19. Bh5 Nxe5 20. Nc4 Nd3+ 21. Kd2 Qf6 22. Kxd3 Qxh4 23. Bd6+ Kd7 24. gxh4 b5 25. Ne5+ Kxd6 26. Nf7+ Ke7 27. Nxh8 Nf4+ 28. Kc2 Nxh5 29. Rad1 Ba6 30. Nf7 Kxf7 31. Rd7+ Kf6 32. Rhd1 Nf4 33. Rd8 Rxd8 34. Rxd8 b4 35. Ra8 Bc4 36. Rxa7 Nh3 37. f3 Bd5 38. a4 bxa3 39. bxa3 Bxf3 40. Kd2 f4 41. a4 Be4 0-1

[Event "RUS-ch Higher League (Women) 73rd"]
[Site "Novokuznetsk"]
[Date "2023.06.29"]
[Round "4"]
[White "Shafigullina, Zarina"]
[Black "Shestakova, Ekaterina"]
[Result "1-0"]
[WhiteElo "2137"]
[BlackElo "1932"]
[PlyCount "67"]
[EventDate "2023.06.26"]
[EventType "swiss"]
[EventRounds "9"]
[EventCountry "RUS"]
[SourceTitle "EXT 2024"]
[Source "ChessBase"]
[SourceDate "2023.10.10"]
[SourceVersion "1"]
[SourceVersionDate "2023.10.10"]
[SourceQuality "1"]

1. d4 d5 2. c4 c6 3. Nf3 Nf6 4. Qc2 g6 5. e3 Bf5 6. Qb3 Qb6 7. Nc3 Ne4 8. cxd5 Nxc3 9. dxc6 bxc6 10. bxc3 Be6 11. c4 Bg7 12. Ba3 Na6 13. Qa4 Nc7 14. Bd3 0-0 15. Rb1 Qa6 16. Qxa6 Nxa6 17. Bxe7 Rfe8 18. Ba3 c5 19. 0-0 Bg4 20. d5 Bc3 21. Rfc1 Bb4 22. Bb2 Bxf3 23. gxf3 Rab8 24. f4 Ba5 25. Be5 Rxb1 26. Rxb1 Nb4 27. Be2 Bb6 28. a3 Na6 29. Bd1 Nb8 30. Ba4 Rc8 31. Bf6 Rc7 32. d6 Rb7 33. Rd1 Nd7 34. Bc6 1-0

[Event "RUS-ch Higher League (Women) 73rd"]
[Site "Novokuznetsk"]
[Date "2023.06.26"]
[Round "1"]
[White "Volchkova, Alena"]
[Black "Shafigullina, Zarina"]
[Result "1-0"]
[WhiteElo "1824"]
[BlackElo "2137"]
[PlyCount "83"]
[EventDate "2023.06.26"]
[EventType "swiss"]
[EventRounds "9"]
[EventCountry "RUS"]
[SourceTitle "EXT 2024"]
[Source "ChessBase"]
[SourceDate "2023.10.10"]
[SourceVersion "1"]
[SourceVersionDate "2023.10.10"]
[SourceQuality "1"]

1. e4 c5 2. Nf3 d6 3. d4 cxd4 4. Nxd4 Nf6 5. Nc3 a6 6. Be3 e5 7. Nb3 Be7 8. f3 Be6 9. Qd2 0-0 10. 0-0-0 Nbd7 11. g4 b5 12. g5 Nh5 13. a3 Nb6 14. Na5 Qc7 15. Kb1 Rab8 16. Nd5 Nxd5 17. exd5 Bxd5 18. Qxd5 Qxa5 19. Bd3 g6 20. h4 Qc7 21. Rhf1 Rfe8 22. f4 exf4 23. Bxf4 Bf8 24. Bh2 Qb7 25. Qb3 Rbc8 26. Rf2 d5 27. Be2 Bc5 28. Rg2 Ng7 29. Bf3 Nf5 30. Bxd5 Qa7 31. Bf4 Be3 32. Rf1 Bxf4 33. Rxf4 Re3 34. c3 Re1+ 35. Ka2 Rc7 36. Rgf2 Qe3 37. Qc2 Re7 38. h5 a5 39. hxg6 hxg6 40. Rxf5 gxf5 41. Qxf5 Re2 42. Bxf7+ 1-0

[Event "Cheliabinsk Lozovatsky Memorial-A"]
[Site "Cheliabinsk"]
[Date "2023.01.27"]
[Round "1"]
[White "Shafigullina, Zarina"]
[Black "Frolyanov, Dmitry"]
[Result "0-1"]
[WhiteElo "2222"]
[BlackElo "2495"]
[PlyCount "104"]
[EventDate "2023.01.27"]
[EventType "swiss"]
[EventRounds "10"]
[EventCountry "RUS"]
[SourceTitle "CBM 212 Extra"]
[Source "ChessBase"]
[SourceDate "2023.03.31"]
[SourceVersion "1"]
[SourceVersionDate "2023.03.31"]
[SourceQuality "1"]

1. d4 Nf6 2. c4 e6 3. Nf3 d5 4. g3 Bb4+ 5. Bd2 a5 6. Bg2 0-0 7. Qc2 Be7 8. 0-0 c6 9. Bf4 Nbd7 10. Nbd2 Nh5 11. cxd5 Nxf4 12. gxf4 exd5 13. Rfd1 Nf6 14. Nf1 Nh5 15. e3 g6 16. Ne5 Bd6 17. Ng3 Ng7 18. Rac1 Qe7 19. Bf1 f6 20. Nd3 h5 21. Nc5 h4 22. Ne2 g5 23. h3 Rf7 24. Bg2 Bf5 25. Qb3 Rb8 26. Nc3 gxf4 27. e4 Bxc5 28. dxc5 dxe4 29. Rd6 f3 30. Bf1 Bg6 31. Bc4 Qe5 32. Nxe4 Qxe4 33. Rxf6 Rbf8 34. Kh1 a4 35. Qc3 Kh7 36. Bxf7 Rxf7 37. Rxf7 Bxf7 38. Rg1 Bg6 39. Rg4 Qe2 40. Rxh4+ Nh5 41. Kg1 Bd3 42. Qc1 Kg6 43. Rg4+ Kf7 44. Rb4 Nf6 45. Rxb7+ Kg6 46. h4 Ne4 47. h5+ Kf5 48. Rf7+ Ke6 49. Qh6+ Kxf7 50. Qg6+ Ke7 51. Qg7+ Ke6 52. Qg4+ Ke5 0-1

[Event "RUS-chT Rapid (Women)"]
[Site "Sochi"]
[Date "2022.10.18"]
[Round "3.7"]
[White "Bivol, Alina"]
[Black "Shafigullina, Zarina"]
[Result "1-0"]
[WhiteElo "2364"]
[BlackElo "2243"]
[PlyCount "105"]
[EventDate "2022.10.18"]
[EventType "team-swiss (rapid)"]
[EventRounds "9"]
[EventCountry "RUS"]
[SourceTitle "CBM 210 Extra"]
[Source "ChessBase"]
[SourceDate "2022.11.30"]
[SourceVersion "1"]
[SourceVersionDate "2022.11.30"]
[SourceQuality "1"]
[WhiteTeam "Moscow ShSM (W)"]
[BlackTeam "Tatarstan Ladya (W)"]
[WhiteTeamCountry "RUS"]
[BlackTeamCountry "RUS"]

1. e4 c5 2. Nf3 Nc6 3. d4 cxd4 4. Nxd4 Nf6 5. Nc3 e5 6. Ndb5 d6 7. Bg5 a6 8. Na3 b5 9. Bxf6 gxf6 10. Nd5 f5 11. g3 Bg7 12. Bg2 Rb8 13. exf5 Bxf5 14. Ne3 Ne7 15. Nxf5 Nxf5 16. Qg4 Qf6 17. c3 h5 18. Qe2 Ne7 19. Nc2 d5 20. Rd1 Qe6 21. h4 Rd8 22. 0-0 f5 23. Nb4 e4 24. a4 bxa4 25. Ra1 0-0 26. Kh2 f4 27. Qxh5 a5 28. Nc2 Qd6 29. Nd4 Bxd4 30. cxd4 Nf5 31. Qg5+ Kh8 32. Rxa4 e3 33. Rxa5 exf2 34. Qxf4 Qxf4 35. gxf4 Nxh4 36. Rxf2 Rd7 37. Rxd5 Rh7 38. Kg1 Nf5 39. Be4 Rg8+ 40. Rg2 Rxg2+ 41. Bxg2 Rf7 42. Kf2 Kg7 43. Be4 Ne7 44. Rg5+ Kh6 45. Ke3 Rf6 46. Re5 Nc8 47. d5 Nd6 48. Re6 Kg7 49. Rxf6 Kxf6 50. b4 Nb5 51. Bd3 Nd6 52. Kd4 Nb7 53. b5 1-0